00576nas a22001817a 4500008004100000245003600041260007600077300000900153440002500162546001400187590003300201590002800234650002700262650002700289856005100316942001200367999001500379130419t20119999ag ||||| |||| 00| 0 spa d aColeccion Trabajos Distinguidos aBuenos Aires,bSociedad Iberoamericana de Informacion Cientifica:c2011 av. : aClinica Medica92035 aespañol aIndizada en: SIIC Data Bases aExistencias: 2011 16(1) aMEDICINA CLINICA92036 aMEDICINA INTERNA91738 uhttp://www.siicsalud.com/lmr/siicdatabases.php 2ddccCR c1325d1325